000 00612nam a2200181Ia 4500
008 151018s9999 xx 000 0 und d
082 _bRBASDV61661
_a891.461
100 _aनरेंद्र जाधव
245 _aभयशुन्य चित्त जेथे
250 _b2
260 _bग्रंथाली
_c2011
300 _a442
600 _aनरेंद्र जाधव
630 _aभयशुन्य चित्त जेथे
700 _aनरेंद्र जाधव
730 _aभयशुन्य चित्त जेथे
942 _cBOOK
999 _c1054920
_d1054917